Mathématiques modernes /

Hlavní autor: Calame, André
Jazyk: Francouzština
Vydáno: Paris : Dunod, 1965-1966
Fyzický popis: 2 sv.
Odebírané svazky: 1-2
Knihy
Uloženo v:
LEADER 00706nam a22002172aa4500
001 001310559
003 CZ BrMZK
005 20130715145051.0
007 ta
008 130715m19651966fr er|||||||||||fre d
040 |a BOA001  |b cze 
100 1 |a Calame, André  |7 mzk2009512785  |4 aut 
245 1 0 |a Mathématiques modernes /  |c André Calame 
260 |a Paris :  |b Dunod,  |c 1965-1966 
300 |a 2 sv. 
505 1 |a 1. 1965. 14, 197 s. -- 2. 1966. 13, 212 s. 
910 |a BOA001  |b 2-0626.722  |s 1-2 
990 |a BK 
991 |b 201307 
996 7 |b 2619681741  |c 2-0626.722  |d 1.  |v 1  |l HP2  |r DEN  |n 0  |w 001345536  |u 000010  |a 1  |e BOA001  |j MZK50  |s A 
996 7 |b 2619681742  |c 2-0626.722  |d 2.  |v 2  |l HP2  |r DEN  |n 0  |w 001345536  |u 000020  |a 1  |e BOA001  |j MZK50  |s A